Online katalóg knižníc regiónu Turca

Konské priezvisko (Record no. 20958)

MARC details
000 -LEADER
fixed length control field 02071nam a2200469 a 4500
001 - CONTROL NUMBER
control field 20958
003 - CONTROL NUMBER IDENTIFIER
control field VRT
005 - DATE AND TIME OF LATEST TRANSACTION
control field 20260207114701.0
008 - FIXED-LENGTH DATA ELEMENTS--GENERAL INFORMATION
fixed length control field 251029s1943 xo 0000d slo c
035 ## - SYSTEM CONTROL NUMBER
System control number SNK000255273
039 #9 - LEVEL OF BIBLIOGRAPHIC CONTROL AND CODING DETAIL [OBSOLETE]
Level of rules in bibliographic description 202601291412
Level of effort used to assign nonsubject heading access points AUTHORITY
Level of effort used to assign subject headings 202601291411
Level of effort used to assign classification AUTHORITY
Level of effort used to assign subject headings 202510291204
Level of effort used to assign classification VLOAD
Level of effort used to assign subject headings 202010090959
Level of effort used to assign classification msnk136
040 ## - CATALOGING SOURCE
Original cataloging agency SNK
Language of cataloging slo
Transcribing agency SNK
Modifying agency SVKBB
Description conventions AACR2
041 1# - LANGUAGE CODE
Language code of text/sound track or separate title slo
Language code of original rus
044 ## - COUNTRY OF PUBLISHING/PRODUCING ENTITY CODE
MARC country code xo
ISO country code SK
072 #7 - SUBJECT CATEGORY CODE
Subject category code 821.161.1
Subject category code subdivision Ruská literatúra
Source konspekt
080 ## - UNIVERSAL DECIMAL CLASSIFICATION NUMBER
Universal Decimal Classification number 821.161.1-2
Edition identifier 2001
080 ## - UNIVERSAL DECIMAL CLASSIFICATION NUMBER
Universal Decimal Classification number (0:82-2)
Edition identifier 2011
080 ## - UNIVERSAL DECIMAL CLASSIFICATION NUMBER
Universal Decimal Classification number 821.161.1
Edition identifier 2011
100 1# - MAIN ENTRY--PERSONAL NAME
Personal name Čechov, Anton Pavlovič,
Dates associated with a name 1860-1904
Relationship aut
245 10 - TITLE STATEMENT
Title Konské priezvisko
Remainder of title Veselohra v jednom dejstve
Statement of responsibility, etc. A. P. Čechov ; preložil a upravil Anton Prídavok
260 ## - PUBLICATION, DISTRIBUTION, ETC.
Place of publication, distribution, etc. Turčiansky Sv. Martin
Name of publisher, distributor, etc. Ústredie slovenských ochotníckych divadiel
-- Matica slovenská
Date of publication, distribution, etc. 1943
Manufacturer Neografia
300 ## - PHYSICAL DESCRIPTION
Extent 30, [1] s.
Dimensions 8° (17x12 cm)
490 0# - SERIES STATEMENT
Series statement Divadelná knižnica / rediguje Ivan Turzo-Nosický
Volume/sequential designation sv. 59
650 07 - SUBJECT ADDED ENTRY--TOPICAL TERM
Topical term or geographic name entry element ruská dráma
Source of heading or term SNKPH
650 07 - SUBJECT ADDED ENTRY--TOPICAL TERM
Topical term or geographic name entry element Russian drama
Source of heading or term SNKPHeng
650 07 - SUBJECT ADDED ENTRY--TOPICAL TERM
Topical term or geographic name entry element ruská literatúra
Source of heading or term SNKPH
650 07 - SUBJECT ADDED ENTRY--TOPICAL TERM
Topical term or geographic name entry element Russian literature
Source of heading or term SNKPHeng
655 #7 - INDEX TERM--GENRE/FORM
Genre/form data or focus term divadelné hry
Source of term SNKPH
655 #7 - INDEX TERM--GENRE/FORM
Genre/form data or focus term Theatre plays
Source of term SNKPHeng
700 1# - ADDED ENTRY--PERSONAL NAME
Personal name Prídavok, Anton,
Dates associated with a name 1904-1945
Relationship trl
-- adp
700 1# - ADDED ENTRY--PERSONAL NAME
Personal name Turzo, Ivan,
Dates associated with a name 1914-1994
Relationship red
752 ## - ADDED ENTRY--HIERARCHICAL PLACE NAME
Country or larger entity Slovensko
City Martin
830 #0 - SERIES ADDED ENTRY--UNIFORM TITLE
Uniform title Divadelná knižnica
942 ## - ADDED ENTRY ELEMENTS (KOHA)
Source of classification or shelving scheme Dewey Decimal Classification
Koha item type Krásna literatúra pre dospelých
Suppress in OPAC No
949 ## - LOCAL PROCESSING INFORMATION (OCLC)
6 17A0094928
a snkSD 11749 D2
q rekatalogizácia
949 ## - LOCAL PROCESSING INFORMATION (OCLC)
6 273K0366717
a svkpoA 15150
b svkpo35248
949 ## - LOCAL PROCESSING INFORMATION (OCLC)
6 17A0483823
a snkSD 11749
b snk2070/56
q rekatalogizácia
949 ## - LOCAL PROCESSING INFORMATION (OCLC)
6 270001000320809
a svkbbFD 1051
b svkbbm FD 1051
p Proveniencia: Peč.: Ex libris Andrej Viňanský. -- Akcia Matice slovenskej Pomáhajme Slovákom navráteným. -- Obecná knižnica Košická Nová Ves.
949 ## - LOCAL PROCESSING INFORMATION (OCLC)
6 17A1315972
a snkSD 11749 D1
b snkD 893/64
q rekatalogizácia
Holdings
Stav vyradenia Strata Poškodenie Spôsob nadobudnutia Domovská knižnica Aktuálna knižnica Dátum nadobudnutia Total checkouts Čiarový kód exemplára Date last seen Typ exemplára Verejná poznámka
      Dar Obecná knižnica Horná Štubňa Obecná knižnica Horná Štubňa 07.02.2026   4736201129 07.02.2026 Krásna literatúra pre dospelých divadelná hra
Projekt je podporený Slovenskou asociáciou knižníc
Prevádzkuje Turčianska knižnica Martin 2026